Statistics for 1934 World Cup Trivia

Click here to take the quiz!

General Stats

  • This quiz has been taken 10 times
  • The average score is 16 of 23

Answer Stats

HintAnswer% Correct
Host countryItaly
100%
WinnersItaly
100%
Teams that made their World Cup debuts (excluding the African team above)Italy
100%
"_______________________________"Germany
90%
Third PlaceGermany
90%
The reigning champions didn't participate - the only World Cup where this has happened. Who were they?Uruguay
90%
Allegations of corruption have been made about this World Cup as this dictator was keen to use the tournament to promote fascismBenito Mussolini
80%
Country of the top scorerCzechoslovakia
80%
Runners-UpCzechoslovakia
80%
"_______________________________"Czechoslovakia
80%
Host city for the finalRome
80%
"_______________________________"Spain
80%
The only African team participating and the first African team to reach a World CupEgypt
70%
Italy beat this other Mediterranean country to qualify - the only time a host country was required to do soGreece
70%
"_______________________________"Hungary
70%
Fourth PlaceAustria
60%
"_______________________________"Austria
60%
"_______________________________"Netherlands
60%
"_______________________________"Sweden
60%
"_______________________________"Switzerland
60%
The first case of this happening in a World Cup after a Quarter Final match ended 1-1Replay
20%
Top Scorer (6 Goals)Oldrich Nejedly
0%
Host stadium for the final (No longer exists)Stadio Nazionale PNF
0%

Score Distribution

Percentile by Number Answered

Percent of People with Each Score

Your Score History

You have not taken this quiz